Detalles MARC
| 000 -CABECERA |
| campo de control de longitud fija |
01115nam a2200265 a 4500 |
| 001 - NÚMERO DE CONTROL |
| campo de control |
000022181 |
| 005 - FECHA Y HORA DE LA ÚLTIMA TRANSACCIÓN |
| campo de control |
20200930011622.0 |
| 008 - DATOS DE LONGITUD FIJA--INFORMACIÓN GENERAL |
| campo de control de longitud fija |
100917s2004 cl a 000 0 spa d |
| 020 ## - NÚMERO INTERNACIONAL ESTÁNDAR DEL LIBRO |
| Número Internacional Estándar del Libro |
9567684081 |
| 040 ## - FUENTE DE LA CATALOGACIÓN |
| Centro catalogador/agencia de origen |
DO-SdBNP |
| Lengua de catalogación |
spa |
| Centro/agencia transcriptor |
BNPHU |
| 082 ## - NÚMERO DE LA CLASIFICACIÓN DECIMAL DEWEY |
| Número de clasificación |
355.0946 |
| Número de documento/Ítem |
M644s |
| 049 ## - FONDOS LOCALES (OCLC) |
| Fondos de biblioteca |
BNGR |
| 245 04 - MENCIÓN DE TÍTULO |
| Título |
Los militares y la sociedad en la Europa del siglo XXI : |
| Resto del título |
un análisis comparativo / |
| Mención de responsabilidad, etc. |
traducción de María Angélica Rojas Andonaegui ; prólogo de Omar Gutiérrez ; prefacio de Robert Kennedy. |
| 260 ## - PUBLICACIÓN, DISTRIBUCIÓN, ETC. |
| Lugar de publicación, distribución, etc. |
Santiago de Chile : |
| Nombre del editor, distribuidor, etc. |
Konrad Adenauer Stiftung, |
| Fecha de publicación, distribución, etc. |
2004. |
| 300 ## - DESCRIPCIÓN FÍSICA |
| Extensión |
546 p. ; |
| Dimensiones |
25 cm. |
| 504 ## - NOTA DE BIBLIOGRAFÍA, ETC. |
| Nota de bibliografía, etc. |
Incluye referencias bibliográficas y notas al pie de las páginas. |
| 534 ## - NOTA SOBRE LA VERSIÓN ORIGINAL |
| Encabezamiento principal del original |
Título original: |
| Mención de edición del original |
Military and society in 21 st. Century Europe - A comparative analysis |
| 650 #4 - PUNTO DE ACCESO ADICIONAL DE MATERIA--TÉRMINO DE MATERIA |
| Término de materia o nombre geográfico como elemento de entrada |
Ejército |
| Subdivisión geográfica |
España |
| Subdivisión general |
Historia |
| Subdivisión cronológica |
SIGLO XXI |
| 9 (RLIN) |
45892 |
| 651 #4 - PUNTO DE ACCESO ADICIONAL DE MATERIA--NOMBRE GEOGRÁFICO |
| Nombre geográfico |
España |
| Subdivisión general |
Ejército |
| -- |
Historia |
| 9 (RLIN) |
45893 |
| 651 #4 - PUNTO DE ACCESO ADICIONAL DE MATERIA--NOMBRE GEOGRÁFICO |
| Nombre geográfico |
España |
| Subdivisión general |
Historia Militar |
| 9 (RLIN) |
45894 |
| 700 1# - PUNTO DE ACCESO ADICIONAL--NOMBRE DE PERSONA |
| Nombre de persona |
Rojas Andonaegui, María Angélica, |
| Término indicativo de función/relación |
tr. |
| 9 (RLIN) |
45895 |
| 700 1# - PUNTO DE ACCESO ADICIONAL--NOMBRE DE PERSONA |
| Nombre de persona |
Gutiérrez, Omar, |
| Término indicativo de función/relación |
pról. |
| 9 (RLIN) |
45896 |
| 700 1# - PUNTO DE ACCESO ADICIONAL--NOMBRE DE PERSONA |
| Nombre de persona |
Kennedy, Robert |
| 9 (RLIN) |
45897 |
| 910 ## - DATOS DE OPCIÓN DEL USUARIO (OCLC) |
| Datos de opción del usuario |
WM |